| 000 | 01400nam a22002537a 4500 | ||
|---|---|---|---|
| 999 |
_c93863 _d93863 |
||
| 003 | NALT | ||
| 005 | 20220801145729.0 | ||
| 008 | 171012b th ||||| |||| 00| 0 tha d | ||
| 020 | _a9786164409231 | ||
| 040 | _aNALT | ||
| 050 |
_aPN 98.B7 _bอ622 2560 |
||
| 245 | 0 | 0 |
_aอ่าน-คิด-เขียน : _bรวมบทวิจารณ์วรรณกรรมของนักเรียนวรรณกรรม เล่ม 2 / _cบรรณาธิการ หัตถกาญจน์ อารีศิลป. |
| 250 | _aพิมพ์ครั้งที่ 1 | ||
| 260 |
_aกรุงเทพฯ : _bโรงพิมพ์แห่งจุฬาลงกรณ์มหาวิทยาลัย, _c2560. |
||
| 300 |
_a256 หน้า : _bภาพประกอบ ; _c25 ซม. |
||
| 650 | 4 |
_919255 _aวรรณกรรม _xประวัติและวิจารณ์ |
|
| 650 | 0 |
_aกวีนิพนธ์ไทย _xประวัติและวิจารณ์ _98072 |
|
| 650 | 4 |
_919346 _aเพลงชาติ _zไทย |
|
| 700 | 0 |
_aหัตถกาญจน์ อารีศิลป _918556 |
|
| 850 | _aNALT | ||
| 942 |
_cGB _2lcc |
||
| 998 |
_abijaya _cสุณิสา _b101 _j104 _k นางสาวสายฝน ดีงาม |
||